Loading...
Literature - British Literature | 2 | 6 | 0 | 3 | 90 | 63 | 96.25 | 2 | 7 |
Literature - American Literature | 1 | 5 | 0 | 1 | 65 | 48 | 99.83 | 1 | 5 |
Literature - European Literature | 1 | 5 | 0 | 1 | 65 | 19 | 90.50 | 2 | 5 |
Philosophy | 0 | 4 | 1 | 2 | 35 | 108 | 118.75 | 1 | 4 |
Social Science | 0 | 3 | 0 | 0 | 30 | 71 | 79.67 | 3 | 3 |
Literature - World Literature | 1 | 2 | 1 | 0 | 30 | 62 | 98.00 | 0 | 3 |
Auditory Arts | 0 | 1 | 0 | 0 | 10 | 108 | 108.00 | 0 | 1 |
Other Academic | 0 | 1 | 0 | 0 | 10 | 62 | 62.00 | 1 | 1 |
History - European History | 0 | 1 | 0 | 0 | 10 | 91 | 91.00 | 0 | 1 |
Geography | 0 | 0 | 0 | 0 | 0 | 0.00 | 0 | 0 | |
Beliefs | 0 | 1 | 2 | 0 | 0 | 87 | 87.00 | 1 | 1 |